000 01312nam a2200349Ia 4500
001 dia_2353
003 CHAP
005 20240221123112.0
007 ta
008 220117s2001 mx adb f 001 0 spa d
040 _cCHAP
_amxchpua
090 _aT.C.314
_bB84 SAI
_c2001
245 1 0 _aReporte del sistema agroindustrial trigo en la parte norte de Sinaloa y el sur de Sonora /
_ccoordinador María Ofelia Buendía González ; colaboradores José Manuel Marín Mercado...[et al.]
260 _aMéxico :
_bEl autor,
_c2001
300 _acerca 100 hojas :
_bilustraciones, tablas, gráficas, mapas
336 _2rdacontent
_atexto
_btxt
337 _2rdamedia
_asin medio
_bn
338 _2rdacarrier
_avolumen
_bnc
500 _aGrado : 6° año
502 _aViaje de Estudios
_b(SAI) --
_cUACh. Departamento de Ingeniería Agroindustrial,
_d2001
504 _aBibliografía : hoja 49
650 1 3 _aTrigo
_x
_9152654
_zMéxico
_zSonora
650 1 3 _aWheat
_9152655
_zMexico
_zSonora
700 1 _aBuendía González, María Ofelia
_9150532
_ecoordinadora
700 1 _aMarín Mercado, José Manuel
_971504
_ecolaborador
901 _aT.C.314 B84 SAI 2001
902 _aM
905 _a5232272001 mx nmb 8223123322spa16
942 _2local
942 _cVE
999 _c172875
_d172875